| 000 | 00510nam a2200181 i 4500 | ||
|---|---|---|---|
| 001 | 64861 | ||
| 003 | ES-MaACL | ||
| 005 | 20230906165232.0 | ||
| 007 | t| | ||
| 008 | 040107s1972 sp |||| | spa d | ||
| 100 | 1 |
_aForsyth, Frederick. _951830 |
|
| 245 | 1 | 0 |
_aChacal / _cpor Frederick Forsyth ; [traducción, Ramón Hernández]. |
| 250 | _a1ª ed. | ||
| 260 |
_a[Barcelona] : _bPlaza & Janés, _c1972. |
||
| 300 |
_a427 p. ; _c20 cm. |
||
| 700 | 1 |
_aHernández, Ramón. _962858 |
|
| 852 |
_aES-MaACL _jC-41160 |
||
| 999 |
_c64861 _d64861 |
||